Engineering project management (Record no. 107719)

MARC details
000 -LEADER
fixed length control field 01852cam a22003495a 4500
001 - CONTROL NUMBER
control field L141643
008 - FIXED-LENGTH DATA ELEMENTS--GENERAL INFORMATION
fixed length control field 071207s2008 xxk f 001 0 eng d
020 ## - INTERNATIONAL STANDARD BOOK NUMBER
International Standard Book Number 9781405168021
035 ## - SYSTEM CONTROL NUMBER
System control number (Sirsi) u141643
041 0# - LANGUAGE CODE
Language code of text/sound track or separate title eng
050 04 - LIBRARY OF CONGRESS CALL NUMBER
Classification number 658.404 $2 22
100 1# - MAIN ENTRY--PERSONAL NAME
Personal name Smith, Nigel J.
245 00 - TITLE STATEMENT
Title Engineering project management
250 ## - EDITION STATEMENT
Edition statement 3rd ed.
260 ## - PUBLICATION, DISTRIBUTION, ETC.
Place of publication, distribution, etc. Oxford
Name of publisher, distributor, etc. Blackwell
Date of publication, distribution, etc. 2008
300 ## - PHYSICAL DESCRIPTION
Extent xxii, 377p.
Dimensions 25cm.
350 ## - PRICE (NR) (BK AM CF MU VM SE) [OBSOLETE]
Price 34.50
505 2# - FORMATTED CONTENTS NOTE
Formatted contents note Projects and project management -- Value management -- Cash flow, project appraisal and risk management -- Quality management in projects -- Environmental management -- Project finance -- Cost estimating in contracts and projects -- Programme management -- Planning -- Project control using earned value techniques -- Contract strategy and the contractor selection process -- Contract policy and documents -- Project design and structure -- Design management -- Supply-chain management -- Partnering -- Private Finance Initiative and Public-Private Partnership -- Project stakeholders -- Project management in developing countries -- Projects in controlled environments 2: PRINCE2 -- The future of engineering project management
520 ## - SUMMARY, ETC.
Summary, etc. Describes the aims, theory and practice of project management in relation to large and small multi-disciplinary engineering projects, in the UK and overseas. Takes into consideration the increase in joint ventures, project partnering, special project vehicles and other forms of collaborative working.
521 2# - TARGET AUDIENCE NOTE
Target audience note Advanced
590 ## - LOCAL NOTE (RLIN)
Local note KA
651 #4 - SUBJECT ADDED ENTRY--GEOGRAPHIC NAME
Geographic name International
690 ## - LOCAL SUBJECT ADDED ENTRY--TOPICAL TERM (OCLC, RLIN)
Topical term or geographic name as entry element Project management
9 (RLIN) 6261
700 1# - ADDED ENTRY--PERSONAL NAME
Personal name Bower, Denise
700 1# - ADDED ENTRY--PERSONAL NAME
Personal name Gannon, Mark
700 1# - ADDED ENTRY--PERSONAL NAME
Personal name Harpum, Peter
700 1# - ADDED ENTRY--PERSONAL NAME
Personal name Merna, Anthony
700 1# - ADDED ENTRY--PERSONAL NAME
Personal name Moodley, Krisen
700 1# - ADDED ENTRY--PERSONAL NAME
Personal name Vickridge, Ian
700 1# - ADDED ENTRY--PERSONAL NAME
Personal name Wright, David
942 ## - ADDED ENTRY ELEMENTS (KOHA)
Suppress in OPAC 0
Holdings
Withdrawn status Lost status Source of classification or shelving scheme Damaged status Not for loan Home library Current library Shelving location Date acquired Cost, normal purchase price Total Checkouts Full call number Barcode Date last seen Date last checked out Copy number Cost, replacement price Price effective from Koha item type
    Dewey Decimal Classification     London London Books 08/01/2008 34.50 7 658.404 SMI 30074557 06/08/2019 09/10/2009 1 34.50 06/08/2019 Book